000 00514nam a2200169Ia 4500
003 OSt
005 20200207141518.0
008 190216s9999||||xx |||||||||||||| ||und||
040 _coclc
082 _a297.63
_bABD/M
100 _aAbdulkareem, K K Muhammed
_91871
245 0 _aMuhammed Nabi Lokavedangalil /
_c K K Muhammed Abdulkareem
260 _bYuvatha Book House,
_c2007.
_aCalicut:
300 _a104p
650 _aIslamic History
942 _cBK
_2ddc
_h297.63
_iABD/M
_k297.63
_mABD/M
999 _c22969
_d22969